Spell the Marvel Character #58 - Statistics

General Stats
  • This quiz has been taken 19 times
  • The average score is 6 of 7
Answer Stats
Picture Answer % Correct
Nova
100%
Enigma
87%
Red Dagger
87%
Firestar
73%
Frenzy
73%
Yelena Belova
73%
Zero-G
60%
No matching quizzes found
Score Distribution
Percent of People with Each Score
Percentile by Number Answered
Your Score History
You have not taken this quiz